Fluórované chinolóny - ich príprava a vlastnosti
Gespeichert in:
| 1. Verfasser: | |
|---|---|
| Weitere Verfasser: | |
| Format: | Manuskript Buch |
| Sprache: | Slowakisch |
| Veröffentlicht: |
2025
|
| Schlagworte: | |
| Online-Zugang: | http://is.stuba.sk/zp/portal_zp.pl?podrobnosti=183344 |
| Tags: |
Keine Tags, Fügen Sie das erste Tag hinzu!
|
MARC
| LEADER | 00000ntm a22000003a 4500 | ||
|---|---|---|---|
| 001 | stuzp105452 | ||
| 003 | SK-STU | ||
| 005 | 20250607211449.8 | ||
| 007 | ta | ||
| 008 | 150427s2015----xo-----f-mn---000-0-slo-d | ||
| 040 | |a STU |b slo | ||
| 041 | 0 | |a slo | |
| 100 | 1 | |a Hajduová, Dana |u 048140 |4 aut |U FCHPT Ústav organickej chémie, katalýzy a petrochémie |T FCHPT Oddelenie organickej chémie |X 110750 |U C8140 |Y 124 |7 110750 | |
| 242 | 0 | 1 | |a Fluorinated quinolones - their preparations and properties |y eng |
| 245 | 1 | 0 | |a Fluórované chinolóny - ich príprava a vlastnosti |
| 260 | |c 2025 | ||
| 650 | 4 | |a fluoroquinolones |2 eng | |
| 650 | 4 | |a amides |2 eng | |
| 650 | 4 | |a multitarget-directed ligand |2 eng | |
| 650 | 4 | |a Alzheimer´s disease |2 eng | |
| 650 | 4 | |a kynurenic acid |2 eng | |
| 650 | 4 | |a Alzheimerova choroba |2 slo | |
| 650 | 4 | |a kynurénová kyselina |2 slo | |
| 650 | 4 | |a fluórované chinolóny |2 slo | |
| 650 | 4 | |a amidy |2 slo | |
| 650 | 4 | |a multicieľový terapeutický prístup |2 slo | |
| 700 | 1 | |a Milata, Viktor |u 048000 |k Z1 |4 ths |U FCHPT Fakulta chemickej a potravinárskej technológie |T FCHPT Ústav organickej chémie, katalýzy a petrochémie |X 3353 |U C8000 |Y 106 |7 A000003353 | |
| 856 | 4 | |u http://is.stuba.sk/zp/portal_zp.pl?podrobnosti=183344 | |